000 00501nam a2200181Ia 4500
003 GCL
008 140319s9999 xx 000 0 ara d
040 _aGCL /
_cGCL
082 0 4 _a615.8
_bع ش
100 1 _aعبدالرحمن نورالدين
245 1 0 _aشفاء بلا دواء /
_cعبدالرحمن نورالدين
300 _a170 ص
490 _a
650 0 4 _aالعلاج
650 0 4 _aالعلاج الطبيعى
650 0 4 _aالعلاج بالاسترخاء
942 _2ddc
_cBK
999 _c45724
_d45724